Histoire de l'enseignement dans le Département de la Manche de 1789 à 1808, d'après des documents inédits / (Record no. 18753)

MARC details
000 -LEADER
fixed length control field 00834cam a22002414a 4500
001 - CONTROL NUMBER
control field e 09000045
003 - CONTROL NUMBER IDENTIFIER
control field DLC
005 - DATE AND TIME OF LATEST TRANSACTION
control field 20260227111150.0
008 - FIXED-LENGTH DATA ELEMENTS--GENERAL INFORMATION
fixed length control field 990601s1888 fr b 000 0 fre
010 ## - LIBRARY OF CONGRESS CONTROL NUMBER
LC control number e 09000045
040 ## - CATALOGING SOURCE
Original cataloging agency DLC
Transcribing agency DLC
042 ## - AUTHENTICATION CODE
Authentication code pcc
043 ## - GEOGRAPHIC AREA CODE
Geographic area code e-fr---
050 00 - LIBRARY OF CONGRESS CALL NUMBER
Classification number LA713.M33
Item number M27 1888
100 1# - MAIN ENTRY--PERSONAL NAME
Personal name Marie-Cardine, W.
245 10 - TITLE STATEMENT
Title Histoire de l'enseignement dans le Département de la Manche de 1789 à 1808, d'après des documents inédits /
Statement of responsibility, etc. par W. Marie-Cardine.
246 30 - VARYING FORM OF TITLE
Title proper/short title Histoire de l'enseignement
260 ## - PUBLICATION, DISTRIBUTION, ETC.
Place of publication, distribution, etc. Saint-Lo :
Name of publisher, distributor, etc. P. Prével,
Date of publication, distribution, etc. 1888.
300 ## - PHYSICAL DESCRIPTION
Extent 2 v. ;
Dimensions 25 cm.
504 ## - BIBLIOGRAPHY, ETC. NOTE
Bibliography, etc. note Includes bibliographical references.
505 0# - FORMATTED CONTENTS NOTE
Formatted contents note t. 1. Du 5 mai 1789 au 5 fructidor an III -- t. 2. Du 5 fructidor an III au 13 décembre 1808.
650 #0 - SUBJECT ADDED ENTRY--TOPICAL TERM
Topical term or geographic name entry element Education
Geographic subdivision France
-- Manche
General subdivision History.

No items available.

Powered by Koha